Largest Unincorporated Places in the U.S. - Statistics

General Stats
  • This quiz has been taken 27 times
    17 since last reset
  • The average score is 8 of 16
Answer Stats
Pop. State Answer % Correct
238,643 VA Arlington
90%
191,238 NV Paradise
90%
221,831 NV Enterprise
70%
143,507 LA Metairie
70%
205,618 NV Sunrise Manor
60%
104,681 MD Columbia
50%
118,786 CA East Los Angeles
50%
114,287 FL Lehigh Acres
50%
99,894 AZ San Tan Valley
50%
215,597 NV Spring Valley
50%
114,436 TX The Woodlands
50%
94,659 CA Arden-Arcade
40%
114,626 FL Brandon
30%
103,444 CO Highlands Ranch
30%
107,396 FL Riverview
30%
113,568 FL Spring Hill
30%
No matching quizzes found
Score Distribution
Percent of People with Each Score
Percentile by Number Answered
Your Score History
You have not taken this quiz since the last reset